000
00262nam a2200109Ia 4500
008
190216s9999||||xx |||||||||||||| ||und||
100
_a
Sharma & Agarwal
245
0
_a
Banks Recrutment Tests
260
_b
Arun Prakashan
_c
1985
300
_a
170p
942
_c
REF
999
_c
35638
_d
35638